Most Common Cancers in the U.S. - Statistics

General Stats
  • This quiz has been taken 79 times
  • The average score is 5 of 10
Answer Stats
Answer Cases % Correct
Lung 226,650
97%
Breast 319,750
86%
Melanoma 104,960
81%
Prostate 313,780
56%
Kidney 80,980
54%
Colorectal 154,270
53%
Pancreas 67,440
33%
Bladder 84,870
25%
Uterus 69,120
19%
Lymphoma 80,350
18%
No matching quizzes found
Score Distribution
Percent of People with Each Score
Percentile by Number Answered
Your Score History
You have not taken this quiz